| 000 | 00485nam a22001457a 4500 | ||
|---|---|---|---|
| 999 |
_c130104 _d130104 |
||
| 008 | 191203b ||||| |||| 00| 0 eng d | ||
| 050 | _aNA7117.S6 | ||
| 100 |
_aJoyce, Peter _930444 |
||
| 245 |
_aThe complete book of home planning in South Africa _cPeter Joyce, Jacqueline and Paddy Hartdegen |
||
| 250 | _a2nd. ed. | ||
| 260 |
_aCape Town _bStruikhof Publishers _c1988 |
||
| 300 |
_a320p. ; _c30cm. |
||
| 650 |
_aArchitecture, Domestic _zSouth Africa _948872 |
||
| 942 |
_2lcc _cMONOGRAPH |
||